LEADER 00837nam0-22003011i-450- 001 990006770630403321 005 20001010 035 $a000677063 035 $aFED01000677063 035 $a(Aleph)000677063FED01 035 $a000677063 100 $a20001010d--------km-y0itay50------ba 101 0 $aita 105 $ay-------001yy 200 1 $a<>eclipse of a great power$emodern Britain$e1870-1975$fKeith Robbins 210 $aLondon-New York$cLongman$d1992. 215 $aXII, 408 p.$d23 cm 225 1 $aFoundations of modern Britain$v 676 $a941.08 700 1$aRobbins,$bKeith$0170677 801 0$aIT$bUNINA$gRICA$2UNIMARC 901 $aBK 912 $a990006770630403321 952 $aXI A 2203$b19811$fFSPBC 959 $aFSPBC 996 $aEclipse of a great power$9618236 997 $aUNINA DB $aGEN01 LEADER 01038nam0-2200325---450- 001 990009755660403321 005 20130910101753.0 035 $a000975566 035 $aFED01000975566 035 $a(Aleph)000975566FED01 035 $a000975566 100 $a20130729f1906----km-y0itay50------ba 101 0 $aita 102 $aIT 105 $acf--bcg-001yd 200 1 $aCatalogo illustrato$fMostra nazionale di belle arti 210 $aMilano$ca cura del Comitato esecutivo$d[1906?] 215 $a217 p., 96 p. di tav.$cill.$d17 cm 300 $aSul front.: Inaugurazione del nuovo valico del Sempione, Esposizione di Milano 1906 610 0 $aArte italiana$aEsposizioni$aMilano$a1906 676 $a709.45 676 $a707.4 710 12$aMostra nazionale di belle arti$f<1906 ;$eMilano>$0520619 801 0$aIT$bUNINA$gRICA$2UNIMARC 901 $aBK 912 $a990009755660403321 952 $a707.4 MOSTRE MILANO 1906$bDIP. DISC. ST. 3610$fFLFBC 959 $aFLFBC 996 $aCatalogo illustrato$9834239 997 $aUNINA